000 01635cam a2200217 4500500
005 20260208010939.0
041 _afre
042 _adc
100 1 0 _aChapouthier, Georges
_eauthor
245 0 0 _aRéponses : approches philosophiques de la complexité en mosaïque
260 _c2018.
500 _a4
520 _aLes analyses qui précèdent permettent d’esquisser deux types d’extension de la problématique soulevée. D’une part le modèle peut être étendu au langage et à la morale et comparé aux thèses de Herbert Spencer. D’autre part se dessinent aussi des « au-delà » philosophiques du modèle, qui mènent à des horizons ontologiques ou à des questionnements profonds sur la nature métaphysique du modèle proposé.
520 _aThe different authors who have investigated the model of complexity in mosaic formation have opened up prospects for developing two ways of extending the argument. One is to extend the model to language and moral considerations, with comparisons to the work and theses of Herbert Spencer. The other is through ideas emerging for philosophical ramifications going beyond the model and leading to ontological horizons and/or to deeper investigation of the metaphysical nature of the model proposed.
690 _aComplexité en mosaïque
690 _aorganisme vivant
690 _aComplexity in mosaic formation
690 _aliving organism
786 0 _nRevue philosophique de la France et de l'étranger | 143 | 1 | 2018-02-13 | p. 61-68 | 0035-3833
856 4 1 _uhttps://shs.cairn.info/revue-philosophique-2018-1-page-61?lang=fr&redirect-ssocas=7080
999 _c1658959
_d1658959